| 000 | 00495nam a2200181 4500 | ||
|---|---|---|---|
| 010 | _aA-051269 | ||
| 020 | _a00043483174 | ||
| 035 | _aA-051269 | ||
| 037 | _bCen Lib / Ret | ||
| 040 |
_aDPL _bEN |
||
| 082 |
_a032 _bCOL |
||
| 245 |
_aCollins concise encyclopedia / _cby J. Mallory |
||
| 260 |
_aLondon _bWilliam Collins Sons & Co. _c1980 |
||
| 300 |
_a624p _b24cm(Hb) |
||
| 650 | _aEncyclopedias and dictionaries. | ||
| 700 | _aMallory, J. | ||
| 942 |
_2ddc _cEN _h032 _mCOL |
||
| 999 |
_c136837 _d136837 |
||